00470nam a2200157 a 4500008004100000020001800041050001500059100001800074245008200092260004200174300002000216350000900236650001400245650003500259700001800294090209s2007 ||||||||||||||||| || u a9781412920025 aHV 241 Soc aPostle, Karen10aSocial work: a companion to learning.cedited by Mark Lymbery an Karen Postle aLos Angeles:bSAGE Publicationsc2007 aix, 302p.: ill. a0.00 0aSOCIOLOGY aSOCIAL SERVICES--GREAT BRITAIN aLymbery, Mark